000
00225 a2200097 4500
001
57845
100
_a
245
_a
Textbook of modern european history 1643-1848
260
_a
London
_b
J M Dent
_c
2008
090
_c
35474
_d
35474
942
_a
NUST-CAE
_c
_c
28307
999
_c
292918
_d
292918